Clotario Blest: visiones actuales de un libre-pensador
Gardado en:
| Main Authors: | , |
|---|---|
| Outros autores: | |
| Formato: | Libro |
| Idioma: | Lingua castelá |
| Publicado: |
Santiago
Tamara Morales
2006
|
| Edición: | 1a. ed |
| Subjects: | |
| Tags: |
Engadir etiqueta
Sen Etiquetas, Sexa o primeiro en etiquetar este rexistro!
|
MARC
| LEADER | 00000nam a2200000 a 4500 | ||
|---|---|---|---|
| 001 | UCH4775 | ||
| 003 | CL-VaPUC | ||
| 005 | 20221115172156.0 | ||
| 008 | 090903e20060300CL |||||||||||||||||spa|d | ||
| 999 | |c 336043 |d 336041 | ||
| 020 | |a 9563100697 | ||
| 040 | |c Pontificia Universidad Católica de Valparaíso | ||
| 082 | 0 | 4 | |a 923.31 |b ECH |2 21 |
| 100 | 0 | |a Echeverría, Mónica |e author |9 540710 | |
| 245 | 1 | 0 | |a Clotario Blest: visiones actuales de un libre-pensador |
| 250 | |a 1a. ed | ||
| 260 | |a Santiago |b Tamara Morales |c 2006 | ||
| 300 | |a 100 p | ||
| 583 | |a last modification |c 20090903 00:00:00 |k Rodrigo Vera | ||
| 600 | |a Blest, Clotario, |d 1899-1990 |9 878462 | ||
| 650 | 0 | |a Biografías |9 255210 | |
| 650 | 0 | |a Crítica e interpretación |9 255042 | |
| 650 | 7 | |a HISTORIA SIGLOS 19-20 |2 CL-VaPUC |9 315242 | |
| 700 | 0 | |a Mosciatti, Nibaldo |e author |9 540711 | |
| 700 | |a Ortega, Luis |e autor |9 540712 | ||
| 942 | |c BK |2 ddc | ||
| 945 | |d 20090903 00:00:00 |a dcastane | ||
| 952 | |0 0 |1 0 |4 0 |6 923_310000000000000_ECH_2006 |7 0 |8 X |9 426929 |a FDOBUD |b FDOBUD |d 2019-11-22 |i 4596714 |o 923.31 ECH 2006 |p 4596714 |r 2019-11-22 |w 2019-11-22 |y BK_X |k BUD | ||